000 00705nam a2200253 i 4500
001 C2-0282259
003 PPAK
005 20180728012650.0
008 071003s2002 nyua|||| ||||| | eng d
020 _a0531119009
040 _aPPAK
_beng
_cPPAK
_erda
082 0 4 _a363.73874
_223
090 0 0 _a363.73874
_bFRI
_dRLCK
100 1 _aFridell, Ron,
_eauthor
245 1 0 _aGlobal warming
264 1 _aNew York :
_bFranklin Watts ,
_c2002
300 _a128 pages :
_billustrations ;
_c24 cm
336 _2rdacontent
_atext
337 _2rdamedia
_aunmediated
338 _2rdacarrier
_avolume
500 _aIncludes bibliographical references and index
650 1 0 _aGlobal warming
942 _ddc
_cB
999 _c88533
_d88533